00249nam a2200109Ia 4500008004100000041001200041082001100053100001300064245005000077260000600127650000600133221030s9999 xx 000 0 und d aEnglish a105.23 aN. Kumar 0aKalyani Objective Series Physicscby N. Kumar c0 aB